NCAA Basketball Players from Spain - Statistics

General Stats
  • This quiz has been taken 7 times
    4 since last reset
  • The average score is 27 of 93
Answer Stats
Position Player School(s) NCAA Career % Correct
FC Santi Aldama Loyola (MD) 2019-2021
100%
PF Golden Dike Loyola (MD) 2019-2024
75%
C Aday Mara Gomez UCLA 2023-Present
50%
G Alvaro Cardenas San Jose State / Boise State 2021-Present
50%
PF Alvaro Folgueiras Campos Robert Morris 2023-Present
50%
C Baba Miller Florida State / Florida Atlantic 2022-Present
50%
G Conrad Martinez Arizona 2023-Present
50%
G Francis Alonso UNC Greensboro 2015-2019
50%
C Guillermo Diaz Graham Pittsburgh 2022-Present
50%
C Jorge Diaz Graham Pittsburgh 2022-Present
50%
F Ruben Guerrero South Florida / Samford 2014-2019
50%
GF Acoydan McCarthy Austin Peay 2017-2018
25%
PG Adrian Carrion Grand Canyon 2014-2017
25%
SG Aitor Zubizarreta Portland 2013-2015
25%
SG Alberto Moreno Tampa / East Texas A&M 2016-2020
25%
C Albert Roma George Washington 1998-2002
25%
G Alex Ramon Colgate 2012-2016
25%
F Alex Rodriguez Little Rock 1992-1994
25%
F Alex Sanchez Youngstown State 2004-2006
25%
PG Alex Scariolo Manhattan / Ouachita Baptist 2019-2023
25%
PF Alonso Faure Loyola (MD) / Pepperdine 2020-Present
25%
C Alvaro Tor Virginia Tech 1995-1999
25%
C Amadou Doumbia Massachusetts 2024-Present
25%
G Andrew Ramirez Hartford 2016-2018
25%
SF Angel Aparicio Toledo 2012-2015
25%
C Angel Castiblanque Nevada 1993-1994
25%
C Antonio Ramos Iowa 1998-2000
25%
F Antxon Iturbe George Washington 1997-2001
25%
C Arturo Llopis Harvard 1991-1993
25%
PF Borja Fernandez Montana State / Kentucky Wesleyan 2019-2024
25%
G Borja Larragan Providence / Marist 1994-1999
25%
F Bruno Alocen Indiana State 2024-Present
25%
SG Bryson Robinson New Orleans 2016-2020
25%
G Carlos Bea Stanford 1953-1956
25%
G Carlos Dicenta Fordham / Hofstra 1984-1989
25%
F Carlos Fuentes Denver 2022-2024
25%
F Clem Edomwonyin Drexel 2024-Present
25%
F Daniel Whye Detroit Mercy 1998-2000
25%
C Dario Quesada Texas A&M 1994-1997
25%
C Emi Morales Evansville 1995-1997
25%
F Eric Vila Texas A&M / UTEP 2016-2021
25%
F Filip Cvjeticanin Florida Gulf Coast 2011-2016
25%
F Ian Granja Memphis / Coastal Carolina 2022-2024
25%
F Ignacio Rodriguez Boston University 1998-2002
25%
F Iker Garmendia Garcia UIC 2024-Present
25%
F Iker Iturbe Clemson 1994-1998
25%
F Iker Lopez Morehead State 2000-2003
25%
SF Ismael Massoud Wake Forest / Kansas State / Georgetown 2019-2024
25%
PF Ivan Aurrecoechea New Mexico State 2018-2020
25%
C Ivan Cruz-Uceda Miami 2014-2016
25%
C Jaume Sorolla Valparaiso / Cincinnati 2016-2020
25%
F Javier Crespo Bowling Green 1995-1999
25%
PF Javier Lacunza Florida Atlantic 2012-2016
25%
F Javier Langarica George Washington 2017-2020
25%
G Javier Mendiburu Green Bay 2003-2005
25%
C Javier Nasarre Oral Roberts 2009-2011
25%
G Javier Rodriguez Boston College 1997-1998
25%
F Javier Ruiz Augusta 1985-1986
25%
PG Javon Ruffin Colorado 2021-Present
25%
F Jerónimo Bucero Manhattan 1993-1997
25%
F Jesus Carralero Martin Campbell / Missouri / Bethune-Cookman 2019-Present
25%
SG Joan Bernacer Austin Peay 2017-2018
25%
F Jon Ander Cuadra Campbell 2015-2019
25%
PF Jordi Geli California 2002-2004
25%
PF Jorge Bilbao UT Arlington 2013-2017
25%
C Jorge Castiblanque Sam Houston State 1995-1997
25%
PG Jorge Sanchez-Ramos Perada La Salle 2022-Present
25%
F Joshua Tomaic Maryland / San Diego State 2016-2022
25%
F Lorenzo Sanz Durán Lafeyette 1991-1993
25%
PG Lucas Antunez Toledo / Northeastern State 2016-2018
25%
F Luca Soroa Northeastern 2024-Present
25%
G Marco Porcher Jimenez Fairleigh Dickinson / Florida International 2010-2015
25%
PG Miguel Ayesa William & Mary / USC Upstate 2019-2024
25%
G Mike Hansen LSU 1990-1993
25%
PF Óscar García Fairfield 1999-2003
25%
PF Owen Aquino Liberty 2024-Present
25%
SG Pablo Navarro Oral Roberts 2023-Present
25%
F Pablo Tamba Idaho State / UC Davis 2021-Present
25%
F Pau Geli Delaware 2005-2009
25%
C Pedro Lopez-Sanvicente Denver 2021-Present
25%
C Rafael Vidaurreta Wake Forest 1997-2001
25%
C Ramon Vila Arizona State / Chattanooga 2016-2020
25%
F Ricardo Peral Antunez Wake Forest 1994-1997
25%
FC Roberto Morentin UCF 2002-2004
25%
FC Robinson Idehen UC Santa Barbara 2018-2022
25%
G Rodrigo de la Fuente Washington State 1996-1998
25%
G Roger Guardia Cal State Fullerton 2010-2011
25%
FC Sami Badawi New Orleans 2005-2006
25%
C Sebas Saiz Ole Miss 2013-2017
25%
F Sergio Luyk St. John's 1990-1995
25%
G Sigu Sisoho Loyola Marymount / Weber State / San Diego 2019-2022
25%
SF Valentino Pinedo East Carolina / St. Francis (PA) 2022-Present
25%
C Yankuba Sima St. John's / Oklahoma State 2015-2018
25%
No matching quizzes found
Score Distribution
Percent of People with Each Score
Percentile by Number Answered
Your Score History
You have not taken this quiz since the last reset